| 000 | 01049nam a2200337 a 4500 | ||
|---|---|---|---|
| 001 | 3954564 | ||
| 003 | OSt | ||
| 005 | 20140310182046.0 | ||
| 008 | 931119s1992 mauab 001 0 eng d | ||
| 010 | _a 93233700 | ||
| 020 |
_a0316250384 : _c$8.95 |
||
| 035 | _a(OCoLC)27269862 | ||
| 040 |
_aIWhN _cIWhN _dDLC |
||
| 042 | _alccopycat | ||
| 043 | _ae-gx--- | ||
| 050 | 0 | 0 |
_aDD 859 _b.M172 1992 |
| 082 | 0 | 0 |
_aHS 943 _bMa16 1992 |
| 100 | 1 |
_aMacPhedran, Gabrielle. _911649 |
|
| 245 | 1 | 0 |
_aEssential Berlin / _cby Gabrielle MacPhedran and Adam Hopkins. |
| 250 | _a1st U.S. ed. | ||
| 260 |
_aBoston : _bLittle, Brown and Co., _cc1992. |
||
| 300 |
_a128 p. : _bcol. ill., col. maps ; _c20 cm. |
||
| 440 | 4 |
_aThe Essential travel guide series _911611 |
|
| 500 | _aIncludes index. | ||
| 651 | 0 |
_aBerlin (Germany) _xGuidebooks. _911650 |
|
| 700 | 1 |
_aHopkins, Adam, _d1939- _911651 |
|
| 906 |
_a7 _bcbc _ccopycat _d2 _encip _f19 _gy-gencatlg |
||
| 942 |
_2lcc _cHS |
||
| 999 |
_c8884 _d8884 |
||